| 000 | 00383nam a22001337a 4500 | ||
|---|---|---|---|
| 020 | _a0-07-019102-6 | ||
| 082 | _a621.815 EDW'F | ||
| 100 |
_aEDWARD, KENNETH S ,MCKEE, ROBERT B _961378 |
||
| 245 | _a FUNDAMENTALS OF MECHANICAL COMPONENT DESIGN | ||
| 260 |
_aNEWYORK _bMCGRAW HILL _c1991 |
||
| 300 | _a1991 | ||
| 650 |
_aMACHINE PARTS DESIGN AND CONSTRUCTION _961379 |
||
| 942 | _cBK | ||
| 999 |
_c570851 _d570851 |
||